Démosthènes et la fin de la démocratie athénienne
Tallennettuna:
| Päätekijä: | |
|---|---|
| Aineistotyyppi: | Kirja |
| Kieli: | ranska |
| Julkaistu: |
París
Payot
1957
|
| Sarja: | Bibliothèque Historique
|
| Aiheet: | |
| Tagit: |
Lisää tagi
Ei tageja, Lisää ensimmäinen tagi!
|
MARC
| LEADER | 00000nam a2200000 a 4500 | ||
|---|---|---|---|
| 001 | UCP9482 | ||
| 003 | CL-VaPUC | ||
| 005 | 20240820145536.0 | ||
| 008 | 000324e19570000FR |||||||||||||||||fre|d | ||
| 999 | |c 286294 |d 286292 | ||
| 040 | |c Pontificia Universidad Católica de Valparaíso | ||
| 082 | 0 | 4 | |a 938.07 CLO 1957 |2 21 |
| 100 | 0 | |a Cloché, Paul |e author |9 440087 | |
| 245 | 1 | 0 | |a Démosthènes et la fin de la démocratie athénienne |
| 260 | |a París |b Payot |c 1957 | ||
| 300 | |a 333 páginas | ||
| 490 | 0 | |a Bibliothèque Historique | |
| 583 | |a last modification |c 20000324 00:00:00 |k Rodrigo Vera | ||
| 600 | 0 | 7 | |a DEMOSTENES |2 CL-VaPUC |9 265026 |
| 650 | 0 | |a Historia antigua |z GRECIA |9 267521 | |
| 650 | 0 | |a Democracia |z GRECIA |9 255256 | |
| 650 | 0 | |a Atenas |z GRECIA |9 440093 | |
| 942 | |c BK |2 ddc | ||
| 945 | |d 20000324 00:00:00 |a rherrera | ||
| 952 | |0 0 |1 0 |2 ddc |4 0 |6 938_070000000000000_CLO_1957 |7 0 |8 A |9 331827 |a BIBHIS |b BIBHIS |d 2019-11-20 |i 126057K |o 938.07 CLO 1957 |p 126057K |r 2025-01-20 |t 2 |w 2019-11-20 |y BK |k HIS | ||
| 952 | |0 0 |1 0 |2 ddc |4 0 |6 938_070000000000000_CLO_1957 |7 0 |8 DER_ROM |9 331828 |a BIBDER |b BIBDER |d 2019-11-20 |i 386524K |l 1 |o 938.07 CLO 1957 |p 386524K |r 2023-01-25 |s 2020-03-19 |t 1 |w 2019-11-20 |x Ubicación 4to piso |y BK |z Este recurso debe solicitarse con anticipación |k DER | ||